Teaching secondary school social studies.

Bibliographic Details
Main Author: High, James
Format: Book
Language:English
Published: New York : Wiley, [1962]
Subjects:

MARC

Tag First Indicator Second Indicator Subfields
LEADER 00000cam a2200000 4500
001 in00000076394
005 20151008052703.0
008 711021s1962 nyu b 00000 eng u
010 |a  62010923  
035 |a (OCoLC)00166112 
035 |9 AAH4467AM 
040 |c WSU  |d TXA  |d UtOrBLW 
049 |a TXAM  |c [475809] 
050 0 |a H62  |b .H49 
092 |a 375.3  |b H6385t, 1962 
100 1 |a High, James. 
245 1 0 |a Teaching secondary school social studies. 
264 1 |a New York :  |b Wiley,  |c [1962] 
300 |a 481 pages 
336 |a text  |b txt  |2 rdacontent 
337 |a unmediated  |b n  |2 rdamedia 
338 |a volume  |b nc  |2 rdacarrier 
504 |a Includes bibliography. 
650 0 |a Social sciences  |x Study and teaching (Secondary) 
999 |a MARS 
999 f f |s 53074256-a746-35de-8550-f2c143b196c5  |i 18c8291b-2f00-363e-9fdc-91833ee470a7  |t 0 
952 f f |p ric  |a Texas A&M University  |b Rellis Campus  |c Joint Library Facility  |d Remote Storage  |t 0  |e H62 .H49  |h Library of Congress classification  |i unmediated -- volume  |m A14800858654 
998 f f |a H62 .H49  |t 0  |l Remote Storage